Pokémon - Steel Type Moves - Sudden Death - Statistics

General Stats
  • This quiz has been taken 40 times
    12 since last reset
  • The average score is 8 of 24
Answers on the Grid
Answers color-coded by a green-red scale on the quiz's grid according to % correct below.
Bullet Punch
Fury Cutter
Imprison
Behemoth Bash
Flash Cannon
Mighty Cleave
Obstruct
Gigaton Hammer
Gear Up
Doom Desire
Hyper Drill
Anchor Shot
Roar of Time
Make It Rain
Heavy Slam
Smart Strike
Kowtow Cleave
Wide Guard
Magnet Bomb
Tachyon Cutter
Shelter
Sunsteel Strike
Meteor Assault
Magnetic Flux
Gyro Ball
Jaw Lock
Body Press
Metal Sound
Spin Out
Steel Wing
Acupressure
Recycle
Meteor Mash
Iron Head
Steamroller
Shift Gear
Skull Bash
Autotomize
Metal Claw
Steel Roller
 
Answer Stats
Answer % Correct
Steel Flash Cannon
100%
Steel Bullet Punch
60%
Steel Heavy Slam
60%
Steel Iron Head
60%
Steel Make It Rain
60%
Steel Steel Wing
60%
Steel Sunsteel Strike
60%
Steel Behemoth Bash
40%
Steel Gyro Ball
40%
Steel Magnet Bomb
40%
Steel Meteor Mash
40%
Steel Autotomize
20%
Steel Doom Desire
20%
Steel Gear Up
20%
Steel Gigaton Hammer
20%
Steel Metal Claw
20%
Steel Metal Sound
20%
Steel Shelter
20%
Steel Smart Strike
20%
Steel Spin Out
20%
Steel Anchor Shot
0%
Steel Shift Gear
0%
Steel Steel Roller
0%
Steel Tachyon Cutter
0%
No matching quizzes found
Score Distribution
Percent of People with Each Score
Percentile by Number Answered
Your Score History
You have not taken this quiz since the last reset